Understanding electronic commerce : how online transcations can grow your business (Record no. 182755)

MARC details
000 -LEADER
fixed length control field 00489nam a2200157Ia 4500
005 - DATE AND TIME OF LATEST TRANSACTION
control field 20250429172000.0
008 - FIXED-LENGTH DATA ELEMENTS--GENERAL INFORMATION
fixed length control field 231217s9999 xx 000 0 und d
020 ## - INTERNATIONAL STANDARD BOOK NUMBER
International Standard Book Number 9781572315600
082 ## - DEWEY DECIMAL CLASSIFICATION NUMBER
Classification number 001.6424ECOM KOS;1
100 ## - MAIN ENTRY--PERSONAL NAME
Personal name Kosiur, David.
245 #0 - TITLE STATEMENT
Title Understanding electronic commerce : how online transcations can grow your business
260 ## - PUBLICATION, DISTRIBUTION, ETC. (IMPRINT)
Date of publication, distribution, etc. 1997
Name of publisher, distributor, etc. Microsoft Press
Place of publication, distribution, etc. USA
300 ## - PHYSICAL DESCRIPTION
Extent x+287
650 ## - SUBJECT ADDED ENTRY--TOPICAL TERM
Topical term or geographic name as entry element Understanding,commerce,transcations,can,grow,business
942 ## - ADDED ENTRY ELEMENTS (KOHA)
Koha item type Books
Holdings
Date last seen Total Checkouts Full call number Accession number Old discount Price effective from Category Lost status Damaged status Department Withdrawn status bill date Permanent Location Current Location Shelving location Entry date Vendor Grants Currency symbol Conversion rate Discount Discount type
26/01/2024   001.6424ECOM KOS;1 53529   26/01/2024 Books     Central Library   03/09/2012 Central Library Central Library Central Library 24/03/2009 Publisher DONATED RS 1   Rupees

© For any Suggestions or Query, please contact the library staff @ librarian@pes.edu or Phone: +9180 2672 1983/ 2108.